Digital Business and Electronic Commerce: Strategy Business Models and Technology (Record no. 43407)

MARC details
000 -LEADER
fixed length control field 00510nam a22001697a 4500
005 - DATE AND TIME OF LATEST TRANSACTION
control field 20250326124256.0
008 - FIXED-LENGTH DATA ELEMENTS--GENERAL INFORMATION
fixed length control field 250326b |||||||| |||| 00| 0 eng d
020 ## - INTERNATIONAL STANDARD BOOK NUMBER
International Standard Book Number 9783030634841
041 ## - LANGUAGE CODE
Language code of text/sound track or separate title Eng.
082 ## - DEWEY DECIMAL CLASSIFICATION NUMBER
Classification number 658.872 WIR
100 ## - MAIN ENTRY--PERSONAL NAME
Author Wirtz, Bernd W.
245 ## - TITLE STATEMENT
Title Digital Business and Electronic Commerce: Strategy Business Models and Technology
260 ## - PUBLICATION, DISTRIBUTION, ETC.
Place Switzerland
Publisher Springer Nature Switzerland AG
Publication Year 2022
300 ## - PHYSICAL DESCRIPTION
Extent 758; P. 23 cm
650 ## - SUBJECT ADDED ENTRY--TOPICAL TERM
Subject Electronic Commerce; Internet
942 ## - ADDED ENTRY ELEMENTS (KOHA)
Koha item type Books
Holdings
Withdrawn status Lost status Source of classification or shelving scheme Damaged status Not for loan Home library Current library Shelving location Accession Date Vendor Price Bill number Full call number Barcode No Date last seen Discount Bill Date Koha item type Suggested By
    Dewey Decimal Classification     IMTN IMTN Rack 36-B 03/19/2025 Raghav Books Private Limited 9319.07 2374 658.872 WIR 33698 03/26/2025 33 02/14/2025 Books Dr. Shanthi Perumal
Designed & Maintained by: LRC IMT Nagpur Contact: lrc@imtnag.ac.in© 2024. All Rights Reserved.